[Event "Mecklenburg VP-chA"]
[Site "Greifswald"]
[Date "2024.03.26"]
[Round "7"]
[White "Kist, Eike Andreas"]
[Black "Roehl, Rainer"]
[Result "0-1"]
[WhiteElo "1923"]
[BlackElo "1994"]
[PlyCount "62"]
[EventDate "2024.03.23"]
[EventType "swiss"]
[EventRounds "7"]
[EventCountry "GER"]
[SourceTitle "CB14_2024"]
[SourceDate "2024.04.01"]
[SourceVersion "1"]
[SourceVersionDate "2024.04.01"]
[SourceQuality "1"]

1. e4 c5 2. Nf3 g6 3. d4 cxd4 4. Nxd4 Nc6 5. c4 Nf6 6. Nc3 d6 7. Be2 Nxd4 8. Qxd4 Bg7 9. 0-0 0-0 10. Qd3 Be6 11. Be3 Nd7 12. b3 Nc5 13. Qc2 Qa5 14. Bd2 Qb6 15. Rac1 a5 16. Be3 Qc6 17. f3 f5 18. Nd5 Rae8 19. a3 fxe4 20. fxe4 Qc8 21. Bg5 Bxd5 22. exd5 e5 23. b4 axb4 24. axb4 Na6 25. Qb1 Rf5 26. Be3 Ref8 27. h3 e4 28. c5 Rxf1+ 29. Bxf1 Qf5 30. Bc4 Qe5 31. c6 Qg3 0-1